00366nam a22001217a 4500020000800000040001600008082001500024100002100039245009000060250002100150260003100171300004200202 qPB. cFIZZA ISHAQ a808.8bKEN a Dana , Kennedy. aLiterature: An Introduction to Fiction, Poetry, Drama, and Writing /c Kennedy, Dana. a10, illustrated. aNEW YORK:bPearson,c2007. aIndex Inc ; 653 P. ;c24X16.4 X 2.2cm